| 000 | 00439nam a22001697a 4500 | ||
|---|---|---|---|
| 999 |
_c3939 _d3939 |
||
| 003 | GBCCL | ||
| 005 | 20241126110507.0 | ||
| 008 | 171218b xxu||||| |||| 00| 0 eng d | ||
| 040 | _cgbc | ||
| 082 |
_a248.24 _bDEM |
||
| 100 |
_aDempster, George F. _97702 |
||
| 245 |
_aLovest thou me / _bGeorge F. Dempster |
||
| 260 |
_aLondon: _bHodder and Stoughton, _c1963 |
||
| 300 |
_a128 p.; _c17 cm. |
||
| 650 |
_aConversion. _96579 |
||
| 942 |
_2ddc _cBK |
||